Nathan Fellows Dixon family papers, (Record no. 43492)
[ view plain ]
| 000 -LEADER | |
|---|---|
| fixed length control field | 01353cpcaa2200337 4500 |
| 001 - CONTROL NUMBER | |
| control field | mm 82018606 |
| 003 - CONTROL NUMBER IDENTIFIER | |
| control field | DLC |
| 005 - DATE AND TIME OF LATEST TRANSACTION | |
| control field | 20260227111713.0 |
| 008 - FIXED-LENGTH DATA ELEMENTS--GENERAL INFORMATION | |
| fixed length control field | 820309|||||||||||| eng |
| 010 ## - LIBRARY OF CONGRESS CONTROL NUMBER | |
| LC control number | mm 82018606 |
| 040 ## - CATALOGING SOURCE | |
| Original cataloging agency | DLC |
| Transcribing agency | DLC |
| Description conventions | dacs |
| Modifying agency | DLC |
| 072 #7 - SUBJECT CATEGORY CODE | |
| Subject category code | N |
| Source | lcmd |
| 100 1# - MAIN ENTRY--PERSONAL NAME | |
| Personal name | Dixon, Nathan Fellows, |
| Dates associated with a name | 1774-1842. |
| 245 00 - TITLE STATEMENT | |
| Title | Nathan Fellows Dixon family papers, |
| Inclusive dates | 1763-1907. |
| 300 ## - PHYSICAL DESCRIPTION | |
| Extent | 100 |
| Type of unit | items. |
| 300 ## - PHYSICAL DESCRIPTION | |
| Extent | 1 |
| Type of unit | container. |
| 506 0# - RESTRICTIONS ON ACCESS NOTE | |
| Terms governing access | Open to research. |
| 520 8# - SUMMARY, ETC. | |
| Summary, etc. | Copies of legal documents covering land and business transactions, visiting cards, manuscript of William Dixon, and other papers relating to the Dixon family of Westerly, R.I. |
| 545 0# - BIOGRAPHICAL OR HISTORICAL DATA | |
| Biographical or historical data | Lawyer, banker, state legislator, U.S. senator from Rhode Island. |
| 546 ## - LANGUAGE NOTE | |
| Language note | Collection material in English. |
| 600 30 - SUBJECT ADDED ENTRY--PERSONAL NAME | |
| Personal name | Dixon family. |
| 651 #0 - SUBJECT ADDED ENTRY--GEOGRAPHIC NAME | |
| Geographic name | Rhode Island |
| General subdivision | Social life and customs. |
| 651 #0 - SUBJECT ADDED ENTRY--GEOGRAPHIC NAME | |
| Geographic name | Westerly (R.I.) |
| General subdivision | Social life and customs. |
| 656 #7 - INDEX TERM--OCCUPATION | |
| Occupation | Bankers. |
| Source of term | itoamc |
| 656 #7 - INDEX TERM--OCCUPATION | |
| Occupation | Lawyers. |
| Source of term | itoamc |
| 656 #7 - INDEX TERM--OCCUPATION | |
| Occupation | Legislators |
| Geographic subdivision | Rhode Island. |
| Source of term | itoamc |
| 656 #7 - INDEX TERM--OCCUPATION | |
| Occupation | Senators, U.S. Congress |
| Geographic subdivision | Rhode Island. |
| Source of term | itoamc |
| 700 1# - ADDED ENTRY--PERSONAL NAME | |
| Personal name | Dixon, William. |
| Title of a work | Manuscript of William Dixon. |
No items available.